Every 100,000+ City in Sweden in Order - Statistics

General Stats
  • This quiz has been taken 117 times
    30 since last reset
  • The average score is 12 of 22
Answer Stats
Letter Population City % Correct
M 410,603 Malmö
100%
S 2,118,650 Stockholm
100%
G 842,007 Gothenburg
96%
U 226,849 Uppsala
92%
L 175,408 Linköping
88%
N 154,205 Norrköping
83%
O 170,340 Örebro
83%
H 156,133 Helsingborg
79%
J 152,943 Jönköping
79%
V 161,272 Västerås
75%
U 135,233 Umeå
63%
L 108,035 Lund
54%
G 107,611 Gävle
42%
K 102,190 Karlstad
38%
B 117,095 Borås
33%
S 104,031 Sundsvall
29%
N 113,480 Nacka
17%
H 100,136 Huddinge
13%
S 149,094 Sollentuna
13%
S 104,175 Solna
13%
T 105,067 Täby
8%
B 101,055 Botkyrka
4%
No matching quizzes found
Score Distribution
Percent of People with Each Score
Percentile by Number Answered
Your Score History
You have not taken this quiz since the last reset